LEADER 01215nam a2200265 u 4500 001 000000114566 003 CaOOAMICUS 005 20090213150359.0 008 090213s2005 enk u000 u eng r 020 $a0-521-52068-1 040 $aPUL$bita$dLDB 100 1 $aPakaluk, Michael.$0(OLS)http://pul/name/70175 245 10$aAristotle's Nicomachean Ethics :$ban introduction /$cMichael Pakaluk. 260 $aCambridge :$bCambridge University Press,$cc2005. 300 $axvi, 342 p. ;$c22 cm 490 1 $aCambridge introductions to key philosophical texts 504 $aContiene bibliografia. 600 04$aAristoteles,$d384-322 a.C.$tEthica Nicomachea$xCommenti.$0(OLS)http://pul/subject/34874 830 0$aCambridge introductions to key philosophical texts.$0(OLS)http://pul/title/143962 850 $aPUL 852 $aPUL$W1$xSL Filosofia 3$y81$m171 PAKMI 2$j130981$qDDC 21$B129987$CPULBib$Z2$F129987 $H109526 $82 941 1 $a9 996 $6020$a0-521-52068-1$9(OLS)http://pul/number/139695 996 $6245$aAristotle's Nicomachean Ethics :$ban introduction$9(OLS)http://pul/title/143961 996 $6260$aCambridge :$bCambridge University Press$9(OLS)http://pul/publisher/50125 LEADER 01502nam a2200349 a 4500 001 000000133054 003 CaOOAMICUS 005 20130308123837.0 008 130308s2009 it u000 u ita r 020 $a88-424-2006-9 040 $aPUL$bita 082 04$a128.2 245 10$aNeurofenomenologia :$ble scienze della mente e la sfida dell'esperienza cosciente /$cBertossa [et al.] ; a cura di Massimiliano Cappuccio. 260 $aMilano :$bBruno Mondadori,$cİ2009. 300 $a432 p. ;$c21 cm 490 1 $aLa vita pensata 490 1 $aSintesi 504 $aBibliografia p. 409-[422]. 650 4$aConoscenza.$0(OLS)http://pul/subject/6941 650 4$aFenomenologia.$0(OLS)http://pul/subject/1230 700 1 $aBertossa, Franco.$0(OLS)http://pul/name/85756 700 1 $aCappuccio, Massimiliano.$0(OLS)http://pul/name/85755 830 0$aVita pensata.$0(OLS)http://pul/title/168113 830 0$aSintesi (Bruno Mondadori).$0(OLS)http://pul/title/64782 850 $aPUL 852 $aPUL$W1$xSL Filosofia 3$y81$m128. 2 CAPMA 1$j152979$qDDC 21$q $B152475$CPULBib$Z2$F152475 $H121844 $81 941 1 $a9 996 $6020$a88-424-2006-9$9(OLS)http://pul/number/152024 996 $6082$a128.2$9(OLS)http://pul/classification/2399 996 $6245$aNeurofenomenologia :$ble scienze della mente e la sfida dell'esperienza cosciente$9(OLS)http://pul/title/168112 996 $6260$aMilano :$bBruno Mondadori$9(OLS)http://pul/publisher/60338